LEADER 01485nam a2200349 a 4500 001 000000148813 003 CaOOAMICUS 005 20160126121630.0 008 160126s2016 enk u000 u eng r 020 $a978-0-415-70718-3* 032 $aLibriCat 040 $aPUL$bita 082 04$a102 100 1 $aLippitt, John.$0(OLS)http://pul/name/94491 245 14$aThe Routledge Guidebook to Kierkegaard's fear and trembling /$cJohn Lippitt. 246 30$aKierkegaard's fear and trembling 260 $aLondon ;$aNew York :$bRoutledge,$c©2016. 300 $axxi, 269 p. ;$c20 cm. 490 1 $aRoutledge guides to the great books 500 $aInclude indici. 504 $aBibliografia p. [255]-264. 600 14$aKierkegaard, Søren,$d1813-1855$xFilosofia.$0(OLS)http://pul/subject/8669 830 0$aRoutledge guides to the great books.$0(OLS)http://pul/title/171398 850 $aPUL 852 $aPUL$W1$xSL Filosofia 3$y81$m102 COLL 1.14$j171542$qDDC 21$B172984$CPULBib$Z2$F172984 $H126839 $81 941 1 $a9 996 $6020$a978-0-415-70718-3*$9(OLS)http://pul/number/159389 996 $6082$a102$9(OLS)http://pul/classification/2563 996 $6245$aThe Routledge Guidebook to Kierkegaard's fear and trembling$9(OLS)http://pul/title/187639 996 $6246$aKierkegaard's fear and trembling $9(OLS)http://pul/title/187640 996 $6260$aLondon ;$aNew York :$bRoutledge$9(OLS)http://pul/publisher/52469 LEADER 01593nam a2200337 a 4500 001 000000173507 003 CaOOAMICUS 005 20200528110040.0 008 200528s2020 it u000 u ita r 020 $a978-88-291-0250-1* 032 $aLibriCat 040 $aPUL$bita 082 04$a347.45 110 1 $aItalia.$0(OLS)http://pul/name/1188 245 10$aCodice antimafia e delle misure di prevenzione : $bcon le norme a tutela delle vittime della mafia /$cdi Valerio De Gioia, Gian Ettore Gassani. 260 $aPiacenza :$bLa Tribuna,$c©2020. 300 $a584 p.;$c19 cm 490 1 $aI codici commentati con la giurisprudenza 500 $aIn copertina: Introduzione di Nicola Tasco: Prefazione di Emilio Orlando. 650 04$aMafia. Legislazione$zItalia.$0(OLS)http://pul/subject/35044 700 1 $aDe Gioia, Valerio.$0(OLS)http://pul/name/69881 700 1 $aGassani, Gian Ettore.$0(OLS)http://pul/name/98449 830 2$aI codici commentati con la giurisprudenza.$0(OLS)http://pul/title/135813 850 $aPUL 852 $aPUL$W1$xSL Diritto e Scienze Sociali 3$y79$m348. 45 COD 3.2.105$j197498$qDDC 21$B202283$CPULBib$Z2$F202283 $H134165 $82 941 1 $a9 996 $6020$a978-88-291-0250-1*$9(OLS)http://pul/number/167507 996 $6082$a347.45$9(OLS)http://pul/classification/384 996 $6245$aCodice antimafia e delle misure di prevenzione : $bcon le norme a tutela delle vittime della mafia$9(OLS)http://pul/title/214687 996 $6260$aPiacenza :$bLa Tribuna$9(OLS)http://pul/publisher/69734